[Event "CYCC U10"]
[Site "Quebec CAN"]
[Date "2018.07.03"]
[Round "3.126"]
[White "Wang, Zhixing (Daniel)"]
[Black "Huang, Ivan"]
[Result "1-0"]
[WhiteElo "1127"]
[BlackElo "696"]
[PlyCount "57"]
[EventDate "2018.07.02"]
[EventType "swiss"]
[EventRounds "7"]
[EventCountry "CAN"]

1. e4 e5 2. Nf3 Nc6 3. Bc4 Bc5 4. d3 Nf6 5. O-O d6 6. c3 d5 7. exd5 Nxd5 8. Re1
f6 9. d4 Bb6 10. dxe5 Nce7 11. exf6 gxf6 12. Bxd5 c6 13. Bb3 Qc7 14. Be3 Bg4
15. Bxb6 Qxb6 16. Qd4 c5 17. Qxg4 f5 18. Qg7 O-O-O 19. Qxe7 Rhf8 20. Nbd2 Qc6
21. Qe6+ Qxe6 22. Rxe6 b5 23. h3 c4 24. Bc2 Rg8 25. Bxf5 Kc7 26. Rae1 h5 27.
Re7+ Kb6 28. R1e6+ Ka5 29. Rxa7# 1-0

[Event "CYCC U10"]
[Site "Quebec CAN"]
[Date "2018.07.03"]
[Round "3.127"]
[White "Zeng, Gordon"]
[Black "Bourdon Gosselin, Jules"]
[Result "0-1"]
[WhiteElo "519"]
[BlackElo "1124"]
[PlyCount "78"]
[EventDate "2018.07.02"]
[EventType "swiss"]
[EventRounds "7"]
[EventCountry "CAN"]

1. e4 e5 2. Nf3 Nc6 3. Bc4 Bc5 4. Nc3 Nf6 5. d3 O-O 6. Bg5 d6 7. Nd5 Bg4 8.
Nxf6+ gxf6 9. Bh6 Re8 10. h3 Bh5 11. g4 Bg6 12. h4 Qd7 13. g5 Bh5 14. Qd2 Bxf3
15. gxf6 Qg4 16. Qg5+ Qxg5 17. hxg5 Bxh1 18. O-O-O Bf3 19. Rg1 Bh5 20. a3 Nd4
21. Rh1 Ne2+ 22. Kb1 Bg6 23. Re1 Nf4 24. b4 Bxf2 25. Rf1 Bd4 26. Ka2 c6 27. Kb3
d5 28. c3 dxc4+ 29. dxc4 Bb6 30. Rd1 Bxe4 31. Re1 Bg6 32. Rh1 e4 33. Rh4 Bc7
34. Rh2 Nd5 35. cxd5 Bxh2 36. Kc2 e3+ 37. Kd1 e2+ 38. Ke1 Bg3+ 39. Kd2 e1=Q#
0-1

[Event "CYCC U10"]
[Site "Quebec CAN"]
[Date "2018.07.03"]
[Round "4.136"]
[White "Aubin, Samuel"]
[Black "Imoo, Matthew"]
[Result "1-0"]
[WhiteElo "961"]
[BlackElo "429"]
[PlyCount "64"]
[EventDate "2018.07.02"]
[EventType "swiss"]
[EventRounds "7"]
[EventCountry "CAN"]

1. e4 e5 2. Nc3 Nf6 3. Qf3 Bb4 4. Nd5 Nxd5 5. exd5 d6 6. c3 Bc5 7. d4 Bb6 8. h4
Nd7 9. Bg5 Nf6 10. Bb5+ Bd7 11. Bxd7+ Qxd7 12. Bxf6 gxf6 13. Qxf6 Rf8 14. Nf3
exd4 15. cxd4 Ba5+ 16. Kd1 Bb6 17. Ng5 c5 18. Re1+ Qe6 19. Rxe6+ Kd7 20. Qe7+
Kc8 21. Qxf8+ Bd8 22. Nxf7 Kc7 23. Nxd8 Rxd8 24. Qe7+ Rd7 25. Qe8 Rd8 26. Qf7+
Rd7 27. Qf6 cxd4 28. Ke1 d3 29. Rc1+ Kb6 30. Rxd6+ Rxd6 31. Qxd6+ Kb5 32. Qc5+
Ka4 1-0

[Event "CYCC U10"]
[Site "Quebec CAN"]
[Date "2018.07.03"]
[Round "4.138"]
[White "Johnson, William"]
[Black "Boucher, Samuel"]
[Result "1-0"]
[WhiteElo "706"]
[BlackElo "979"]
[PlyCount "75"]
[EventDate "2018.07.02"]
[EventType "swiss"]
[EventRounds "7"]
[EventCountry "CAN"]

1. d4 Nf6 2. Nf3 d5 3. Nc3 Nc6 4. Bf4 Bg4 5. h3 Bxf3 6. gxf3 e6 7. Nb5 Be7 8.
Nxc7+ Kf8 9. Nxa8 Qxa8 10. e3 Nb4 11. Bd3 Nh5 12. O-O Qd8 13. Bg3 Bd6 14. f4
Qf6 15. Qxh5 g6 16. Qh6+ Ke8 17. f5 Ke7 18. Bh4 g5 19. Qxf6+ Kxf6 20. Bg3 Bxg3
21. fxg3 exf5 22. Rxf5+ Kg6 23. Rxd5+ Kf6 24. Rf5+ Ke6 25. Re5+ Kd6 26. Rb5 Nc6
27. Rxb7 f5 28. Rxh7 f4 29. Rh6+ Ke7 30. Rxc6 fxg3 31. Rf1 Kd7 32. Rff6 g4 33.
Rh6 Rc8 34. Rcg6 Kc7 35. Rh7+ Kb8 36. Rgg7 Rc7 37. Rxc7 Ka8 38. Rh8# 1-0

[Event "CYCC U10"]
[Site "Quebec CAN"]
[Date "2018.07.03"]
[Round "4.106"]
[White "Xu, Daniel"]
[Black "Ning, Eric"]
[Result "1-0"]
[WhiteElo "2083"]
[BlackElo "2013"]
[PlyCount "73"]
[EventDate "2018.07.02"]
[EventType "swiss"]
[EventRounds "7"]
[EventCountry "CAN"]

1. d4 Nf6 2. c4 g6 3. Nc3 d5 4. cxd5 Nxd5 5. e4 Nxc3 6. bxc3 Bg7 7. Bc4 c5 8.
Ne2 Nc6 9. Be3 O-O 10. O-O Qc7 11. Rc1 Rd8 12. Qd2 Na5 13. Bd3 c4 14. Bb1 b5
15. Qb2 Bd7 16. f4 Nb7 17. Ng3 e6 18. f5 exf5 19. exf5 Bc6 20. Qf2 Nd6 21. h4
Be8 22. h5 Qe7 23. Qf4 Nxf5 24. Nxf5 gxf5 25. Bxf5 Rd6 26. Qg3 Kh8 27. Bf4 Rdd8
28. Rce1 Qf8 29. Be4 Rac8 30. Bb7 Bc6 31. Bxc8 Rxc8 32. Bd6 Qg8 33. Be5 Bxe5
34. Qxe5+ Qg7 35. Rxf7 Qxe5 36. Rxe5 Rg8 37. Rf2 1-0

[Event "CYCC U10"]
[Site "Quebec CAN"]
[Date "2018.07.03"]
[Round "4.107"]
[White "Yuen, Noah"]
[Black "Zhong, Kevin"]
[Result "0-1"]
[WhiteElo "1594"]
[BlackElo "2072"]
[PlyCount "70"]
[EventDate "2018.07.02"]
[EventType "swiss"]
[EventRounds "7"]
[EventCountry "CAN"]

1. d4 d5 2. c4 e6 3. Nc3 c5 4. cxd5 exd5 5. g3 Nc6 6. Nf3 Nf6 7. Bg5 cxd4 8.
Nxd4 Bc5 9. Nxc6 bxc6 10. Bg2 Bxf2+ 11. Kxf2 Ng4+ 12. Ke1 Qxg5 13. Qd2 Ne3 14.
Kf2 Ng4+ 15. Ke1 Qe7 16. Bf3 Ne5 17. Kf2 Qc5+ 18. Ke1 O-O 19. Rf1 Re8 20. Rd1
Bh3 21. Qd4 Qxd4 22. Rxd4 Bxf1 23. Kxf1 Nxf3 24. exf3 Rab8 25. b3 Re3 26. Nd1
Rxf3+ 27. Ke2 Rf6 28. Ra4 Re8+ 29. Kd2 Re7 30. Rb4 g6 31. Rb8+ Kg7 32. Rd8 g5
33. Rc8 Rh6 34. Ne3 Rf6 35. g4 Rf2+ 0-1

[Event "CYCC U10"]
[Site "Quebec CAN"]
[Date "2018.07.03"]
[Round "4.108"]
[White "Ma, Andrew"]
[Black "Li, Adam"]
[Result "1/2-1/2"]
[WhiteElo "1575"]
[BlackElo "1388"]
[PlyCount "77"]
[EventDate "2018.07.02"]
[EventType "swiss"]
[EventRounds "7"]
[EventCountry "CAN"]

1. e4 e5 2. Nf3 Nc6 3. Bb5 a6 4. Ba4 Nf6 5. d3 Bc5 6. O-O O-O 7. a3 b5 8. Bb3
d6 9. h3 Be6 10. Ba2 Qd7 11. Be3 Bxe3 12. fxe3 Bxh3 13. gxh3 Qxh3 14. Qe2 Ng4
15. Bd5 Qg3+ 16. Kh1 Rae8 17. Bxc6 Re6 18. Qg2 Rh6+ 19. Kg1 Qxg2+ 20. Kxg2
Nxe3+ 21. Kf2 Nxf1 22. Kxf1 Rh1+ 23. Ng1 Rh2 24. Ne2 f5 25. Bd5+ Kh8 26. Ke1 f4
27. Nd2 f3 28. Ng3 h5 29. Ngf1 Rg2 30. Be6 g5 31. Bf5 g4 32. Kd1 Kg7 33. Ne3
Rg1+ 34. Ndf1 g3 35. Ke1 h4 36. Rd1 g2 37. Kf2 gxf1=N 38. Rxf1 Rxf1+ 39. Nxf1
1/2-1/2

[Event "CYCC U10"]
[Site "Quebec CAN"]
[Date "2018.07.03"]
[Round "4.109"]
[White "Qin, Vincent"]
[Black "Hu, Raymond"]
[Result "1-0"]
[WhiteElo "1638"]
[BlackElo "1228"]
[PlyCount "103"]
[EventDate "2018.07.02"]
[EventType "swiss"]
[EventRounds "7"]
[EventCountry "CAN"]

1. e4 c5 2. Nf3 d6 3. d4 cxd4 4. Nxd4 Nf6 5. Nc3 g6 6. Be3 Bg7 7. f3 a6 8. Qd2
O-O 9. O-O-O b5 10. Be2 Bb7 11. h4 Nh5 12. g4 Ng3 13. Rh3 Nxe2+ 14. Ncxe2 Nc6
15. Rdh1 Nxd4 16. Bxd4 h6 17. Bc3 Kh7 18. Bd4 e5 19. Be3 Rc8 20. Ng3 Qf6 21.
Rf1 Qe6 22. Kb1 d5 23. Qe2 d4 24. Bd2 Qc6 25. Rc1 Qc4 26. Qxc4 Rxc4 27. b3 Rcc8
28. h5 Rfd8 29. hxg6+ fxg6 30. Rch1 g5 31. Bxg5 Rd6 32. Nf5 Re6 33. Bxh6 Bxh6
34. Rxh6+ Rxh6 35. Rxh6+ Kg8 36. Rb6 Rc7 37. Nd6 Bc8 38. Nxc8 Rxc8 39. Rxa6 Rf8
40. Re6 Rxf3 41. Rxe5 Rf1+ 42. Kb2 Rg1 43. g5 Rg4 44. Rxb5 Rxe4 45. a4 Re8 46.
a5 Ra8 47. b4 Kg7 48. Rd5 Kg6 49. Kb3 Rf8 50. Rxd4 Kxg5 51. c4 Rf3+ 52. Ka4 1-0

[Event "CYCC U10"]
[Site "Quebec CAN"]
[Date "2018.07.03"]
[Round "4.110"]
[White "Zhang, Kevin"]
[Black "Huang, Richard"]
[Result "1-0"]
[WhiteElo "1838"]
[BlackElo "1237"]
[PlyCount "38"]
[EventDate "2018.07.02"]
[EventType "swiss"]
[EventRounds "7"]
[EventCountry "CAN"]

1. e4 e5 2. Nf3 Nc6 3. Bc4 Bc5 4. O-O Nf6 5. Ng5 O-O 6. Nc3 d6 7. Nf3 Bg4 8.
Be2 Re8 9. h3 Be6 10. Bb5 Qd7 11. d3 a6 12. Bxc6 bxc6 13. Bg5 Kh8 14. Bxf6 gxf6
15. Nh4 Bxh3 16. gxh3 Qxh3 17. Qh5 Rg8+ 18. Qg4 Rxg4+ 19. Ng2 Rxg2# 1-0

[Event "CYCC U10"]
[Site "Quebec CAN"]
[Date "2018.07.03"]
[Round "4.111"]
[White "Han, Jonathan"]
[Black "Qiu, James"]
[Result "1-0"]
[WhiteElo "1566"]
[BlackElo "1136"]
[PlyCount "117"]
[EventDate "2018.07.02"]
[EventType "swiss"]
[EventRounds "7"]
[EventCountry "CAN"]

1. e4 e5 2. Nf3 Nc6 3. Bc4 Nf6 4. d3 Bc5 5. c3 h6 6. O-O O-O 7. Nbd2 Re8 8. h3
d6 9. a4 a5 10. Re1 Be6 11. Bb3 Bxb3 12. Nxb3 Bb6 13. Nh4 Re6 14. Nf5 Ne7 15.
Nh4 Nh7 16. Nd2 Ng6 17. Nf5 Nf4 18. Nf1 Rg6 19. N1g3 Kf8 20. Bxf4 exf4 21. Nh5
Qg5 22. Qf3 Re8 23. Nxf4 Rf6 24. Nd5 Rfe6 25. Nxb6 cxb6 26. Qg3 Qf6 27. Ne3 Qd8
28. Nd5 Rg6 29. Qf4 Ng5 30. Kh1 Ne6 31. Qh2 Nc5 32. Re3 Nd7 33. f4 Nf6 34. Nxf6
Qxf6 35. Rae1 Kg8 36. d4 Qd8 37. e5 d5 38. f5 Rg5 39. g4 h5 40. Qf4 hxg4 41.
hxg4 Kf8 42. Rh3 Kg8 43. Re2 f6 44. e6 Kf8 45. Rh8+ Ke7 46. Rxe8+ Qxe8 47. b3
Qc8 48. Qf3 Qc6 49. Rg2 Kf8 50. Re2 Ke7 51. Qg3 Qc8 52. Rh2 Qd8 53. Rh5 Rxh5+
54. gxh5 Kf8 55. Qg6 Kg8 56. h6 Qe7 57. Qf7+ Qxf7 58. exf7+ Kxf7 59. h7 1-0

[Event "CYCC U10"]
[Site "Quebec CAN"]
[Date "2018.07.03"]
[Round "4.112"]
[White "Bourdon Gosselin, Jules"]
[Black "Latorre, Vincent"]
[Result "0-1"]
[WhiteElo "1124"]
[BlackElo "1513"]
[PlyCount "96"]
[EventDate "2018.07.02"]
[EventType "swiss"]
[EventRounds "7"]
[EventCountry "CAN"]

1. d4 Nf6 2. c4 c5 3. Nf3 b5 4. b3 g6 5. Bf4 Bg7 6. e3 O-O 7. Nc3 bxc4 8. Bxc4
d5 9. Bd3 Nc6 10. O-O Bg4 11. Be2 Rc8 12. Rc1 Re8 13. h3 Bf5 14. Bb5 Bd7 15.
Ba6 cxd4 16. exd4 Rb8 17. Bxb8 Qxb8 18. Bb5 Qb6 19. Bxc6 Bxc6 20. Ne5 Bb7 21.
Na4 Qd6 22. Nc5 Bc8 23. a4 Ne4 24. Nxe4 dxe4 25. Rc6 Qb8 26. Rc5 Be6 27. Rb5
Qd6 28. f4 Rd8 29. Rb7 Qa6 30. Rb5 Qd6 31. Ra5 a6 32. Rf2 Qb6 33. Qe1 Rxd4 34.
Kh2 Qxb3 35. Rxa6 e3 36. Rf3 Re4 37. Qe2 Qb7 38. Ra5 Bh6 39. Nd3 Bc4 40. Rxe3
Bxf4+ 41. g3 Rxe3 42. Qf1 Bxg3+ 43. Kg1 Bxd3 44. Qa1 Re1+ 45. Qxe1 Bxe1 46. Kh2
Qc7+ 47. Kg2 Qg3+ 48. Kh1 Be4# 0-1

[Event "CYCC U10"]
[Site "Quebec CAN"]
[Date "2018.07.03"]
[Round "4.113"]
[White "Liu, Aaron"]
[Black "Wang, Emil"]
[Result "1-0"]
[WhiteElo "1489"]
[BlackElo "1193"]
[PlyCount "75"]
[EventDate "2018.07.02"]
[EventType "swiss"]
[EventRounds "7"]
[EventCountry "CAN"]

1. e4 e5 2. Nf3 Nc6 3. d4 exd4 4. Nxd4 Nf6 5. Nc3 Bc5 6. Be3 O-O 7. Nxc6 bxc6
8. Bxc5 Re8 9. Bd3 d5 10. f3 Nd7 11. Bf2 a6 12. O-O Bb7 13. exd5 cxd5 14. Re1
Nf6 15. Bh4 Qd6 16. Bxf6 Qxf6 17. Rxe8+ Rxe8 18. Qd2 Qh4 19. Qf2 Qb4 20. Re1
Rxe1+ 21. Qxe1 g6 22. Qe8+ Qf8 23. Qxf8+ Kxf8 24. Kf2 Ke7 25. Ke3 c5 26. Ne2 c4
27. Bxc4 dxc4 28. Kd4 Bc6 29. Nc3 Ke6 30. Kxc4 Kd6 31. Ne4+ Ke5 32. Kb4 Bb5 33.
c4 Bc6 34. Nc5 a5+ 35. Kxa5 Kd4 36. Kb6 Ba8 37. b3 f5 38. Nb7 1-0

[Event "CYCC U10"]
[Site "Quebec CAN"]
[Date "2018.07.03"]
[Round "4.114"]
[White "Jiang, Barron Jiyu"]
[Black "Yan, Alex Jikai"]
[Result "0-1"]
[WhiteElo "1131"]
[BlackElo "1482"]
[PlyCount "108"]
[EventDate "2018.07.02"]
[EventType "swiss"]
[EventRounds "7"]
[EventCountry "CAN"]

1. e4 e5 2. Nf3 Nc6 3. d4 exd4 4. Nxd4 Nf6 5. Nc3 Bc5 6. Nxc6 bxc6 7. Bd3 d5 8.
exd5 cxd5 9. O-O O-O 10. Bg5 c6 11. Qf3 Be7 12. h3 h6 13. Bf4 Be6 14. Rfe1 a6
15. a3 c5 16. Rad1 Qb6 17. Bc1 Rad8 18. Na4 Qa5 19. Nc3 Rfe8 20. Bd2 Qb6 21.
Na4 Qc6 22. b3 Rc8 23. Nc3 c4 24. bxc4 dxc4 25. Qxc6 Rxc6 26. Be2 Bxa3 27. Bf3
Rd6 28. Bf4 Rxd1 29. Rxd1 Bb4 30. Ne2 g5 31. Be3 Kf8 32. c3 Be7 33. Ra1 Bc8 34.
Nd4 Bc5 35. Nc2 Bxe3 36. Nxe3 Ne4 37. Ra3 Nd2 38. Ra4 Nxf3+ 39. gxf3 Bxh3 40.
Rxa6 Be6 41. Rc6 Kg7 42. Nxc4 Bd5 43. Rc5 Bxf3 44. Nd2 Ba8 45. Ra5 Kg6 46. c4
h5 47. Ra6+ f6 48. c5 Rd8 49. Nb3 Bb7 50. Rb6 Bf3 51. Rb4 Rd1+ 52. Kh2 h4 53.
Rxh4 gxh4 54. Kh3 Rh1# 0-1

[Event "CYCC U10"]
[Site "Quebec CAN"]
[Date "2018.07.03"]
[Round "4.115"]
[White "Lin, Leo"]
[Black "Ran, Sean"]
[Result "0-1"]
[WhiteElo "1463"]
[BlackElo "1104"]
[PlyCount "118"]
[EventDate "2018.07.02"]
[EventType "swiss"]
[EventRounds "7"]
[EventCountry "CAN"]

1. Nf3 d5 2. c4 c6 3. d4 Bg4 4. cxd5 cxd5 5. Qb3 Qc7 6. Nc3 e6 7. Bf4 Qb6 8.
Nb5 Qa5+ 9. Nd2 Na6 10. Bd6 Ne7 11. Rc1 Nc6 12. Bxf8 Kxf8 13. e3 Rd8 14. Bd3 e5
15. f3 exd4 16. exd4 Be6 17. Rc3 Qb6 18. Qa4 Nab4 19. a3 Nxd3+ 20. Rxd3 a6 21.
Nc3 Bf5 22. Re3 Nxd4 23. Nxd5 Nc2+ 24. Qxc2 Rxd5 25. Qb3 Rb5 26. Qc3 Rc5 27.
Nc4 Rxc4 28. Qe5 Qd8 29. Qxf5 Rc1+ 30. Ke2 Rxh1 31. Qc5+ Kg8 32. Qe5 h6 33. Rd3
Qc8 34. Qe4 g6 35. Kf2 Kh7 36. Qf4 Rg8 37. Rc3 Qe8 38. Re3 Qd7 39. Rc3 Qf5 40.
Qe3 Rxh2 41. Rc7 Rg7 42. Qe8 Qg5 43. Rc8 Qxg2+ 44. Ke3 Qe2+ 45. Kd4 Rh4+ 46.
Kc3 Qxe8 47. Rxe8 Rf4 48. Re3 h5 49. Kd2 h4 50. Ke2 h3 51. Kf2 Rh4 52. Kg1 f5
53. Kh2 Rd7 54. Re2 g5 55. Rf2 g4 56. f4 Rd3 57. Re2 g3+ 58. Kg1 h2+ 59. Kg2
h1=Q# 0-1

[Event "CYCC U10"]
[Site "Quebec CAN"]
[Date "2018.07.03"]
[Round "4.116"]
[White "Zhu, Ricky"]
[Black "Darvekar, Yash"]
[Result "0-1"]
[WhiteElo "990"]
[BlackElo "1457"]
[PlyCount "150"]
[EventDate "2018.07.02"]
[EventType "swiss"]
[EventRounds "7"]
[EventCountry "CAN"]

1. e4 c5 2. Nf3 g6 3. d4 cxd4 4. Nxd4 Nc6 5. Nc3 Bg7 6. Be3 Nf6 7. Bc4 Qa5 8.
Qf3 Ne5 9. Qe2 Nxe4 10. Bd2 Nxd2 11. Qxd2 Nxc4 12. Qd3 Nxb2 13. Qd2 Qe5+ 14.
Nce2 Nc4 15. Qd3 Qa5+ 16. c3 d5 17. O-O O-O 18. Nb3 Qc7 19. Qxd5 Be6 20. Qg5 h6
21. Qc1 Ne5 22. Nbd4 Bc4 23. Rd1 Nd3 24. Qe3 e5 25. Nb3 Nf4 26. Ng3 Qc6 27. f3
Bxb3 28. axb3 Nd5 29. Qe1 Qb6+ 30. Kh1 Qxb3 31. Rab1 Qxc3 32. Rxd5 Qxe1+ 33.
Rxe1 Rfd8 34. Rb5 a5 35. Rxb7 a4 36. Rb2 a3 37. Ra2 Rdb8 38. h3 Rb2 39. Rea1
Rxa2 40. Rxa2 Bf8 41. Ne2 Rb8 42. Nc3 Rb2 43. Ra1 Rc2 44. Nb5 a2 45. Kg1 Bb4
46. Kh2 Rc5 47. Na7 Ra5 48. Nc6 Bc3 49. Nxa5 Bxa1 50. Nb3 Bd4 51. g4 a1=Q 52.
Nxa1 Bxa1 53. Kg3 f5 54. gxf5 gxf5 55. Kf2 e4 56. fxe4 fxe4 57. Ke3 Kg7 58.
Kxe4 Kg6 59. Kf4 Kh5 60. Kf3 Kh4 61. Kg2 Be5 62. Kf3 Kxh3 63. Ke4 h5 64. Kxe5
Kg3 65. Kd6 h4 66. Kd5 h3 67. Kd4 h2 68. Ke4 h1=Q+ 69. Ke5 Qd1 70. Ke4 Kg4 71.
Ke3 Kf5 72. Kf2 Kf4 73. Kg2 Qe2+ 74. Kh3 Qd2 75. Kh4 Qh2# 0-1

[Event "CYCC U10"]
[Site "Quebec CAN"]
[Date "2018.07.03"]
[Round "4.117"]
[White "Ripley, Sam"]
[Black "Wang, Zhixing (Daniel)"]
[Result "1/2-1/2"]
[WhiteElo "1411"]
[BlackElo "1127"]
[PlyCount "62"]
[EventDate "2018.07.02"]
[EventType "swiss"]
[EventRounds "7"]
[EventCountry "CAN"]

1. e4 c5 2. Nf3 d6 3. d4 cxd4 4. Qxd4 Nc6 5. Bb5 Bd7 6. Bxc6 Bxc6 7. c4 Nf6 8.
Nc3 g6 9. Be3 Bg7 10. Nd5 O-O 11. Qd3 Bxd5 12. cxd5 a6 13. Nd2 Rc8 14. O-O Ng4
15. Bd4 Ne5 16. Qb3 Qd7 17. h3 Nc4 18. Nxc4 Bxd4 19. Nb6 Bxb6 20. Qxb6 Qc7 21.
Qe3 Qc5 22. Qb3 Qc7 23. a4 Qd7 24. Rac1 Rxc1 25. Rxc1 Rc8 26. Rxc8+ Qxc8 27. a5
Qc1+ 28. Kh2 Qf4+ 29. Kg1 Qc1+ 30. Kh2 Qf4+ 31. Kg1 Qc1+ 1/2-1/2

[Event "CYCC U10"]
[Site "Quebec CAN"]
[Date "2018.07.03"]
[Round "4.118"]
[White "Fan, Haoran"]
[Black "Locham, Divjot"]
[Result "0-1"]
[WhiteElo "880"]
[BlackElo "1373"]
[PlyCount "72"]
[EventDate "2018.07.02"]
[EventType "swiss"]
[EventRounds "7"]
[EventCountry "CAN"]

1. e4 e5 2. Nf3 Nc6 3. Bc4 Bc5 4. Nc3 Nf6 5. d3 h6 6. h3 O-O 7. Be3 Bb6 8. O-O
d6 9. Nd5 Nxd5 10. Bxd5 Be6 11. c4 Bxd5 12. cxd5 Ne7 13. Rc1 f5 14. Bxb6 axb6
15. Qb3 Kh8 16. Qc4 c6 17. dxc6 bxc6 18. Qe6 Rf6 19. Qb3 d5 20. exd5 e4 21.
dxe4 fxe4 22. Nd2 cxd5 23. f3 e3 24. Qxe3 Rxa2 25. Qb3 Ra8 26. Rfe1 Nf5 27. Qd3
Qf8 28. Qxd5 Rd6 29. Qb7 Rxd2 30. Qxb6 Ng3 31. Kh2 Qf4 32. Re4 Nxe4+ 33. Kh1
Rd6 34. Qb7 Qxc1+ 35. Kh2 Qf4+ 36. Kg1 Rd1# 0-1

[Event "CYCC U10"]
[Site "Quebec CAN"]
[Date "2018.07.03"]
[Round "4.119"]
[White "Chen, Andrew"]
[Black "Xu, Joey"]
[Result "1-0"]
[WhiteElo "1367"]
[BlackElo "844"]
[PlyCount "49"]
[EventDate "2018.07.02"]
[EventType "swiss"]
[EventRounds "7"]
[EventCountry "CAN"]

1. c4 e5 2. g3 Nc6 3. Bg2 Bc5 4. Nc3 Nf6 5. d3 h6 6. a3 d6 7. e3 Be6 8. b4 Bb6
9. Nge2 Rb8 10. O-O O-O 11. Qc2 Qd7 12. Bd2 Bh3 13. Na4 Rfe8 14. Nxb6 axb6 15.
e4 Bxg2 16. Kxg2 Ne7 17. f4 exf4 18. Nxf4 Ng6 19. Nxg6 fxg6 20. Bxh6 gxh6 21.
Rxf6 Kg7 22. Qc3 Kh7 23. Raf1 Re7 24. Rf8 Rc8 25. Qh8# 1-0

[Event "CYCC U10"]
[Site "Quebec CAN"]
[Date "2018.07.03"]
[Round "4.121"]
[White "Morrison, Daniel"]
[Black "He, Zekai"]
[Result "1-0"]
[WhiteElo "463"]
[BlackElo "1282"]
[PlyCount "121"]
[EventDate "2018.07.02"]
[EventType "swiss"]
[EventRounds "7"]
[EventCountry "CAN"]

1. e4 c5 2. Nf3 Nc6 3. d4 cxd4 4. Nxd4 Nf6 5. Nc3 e5 6. Ndb5 d6 7. Bg5 a6 8.
Bxf6 Qxf6 9. Nc7+ Kd8 10. Nxa8 Qg6 11. Qf3 Nd4 12. Qd3 f5 13. f3 Be7 14. O-O-O
Bg5+ 15. Kb1 Ke7 16. Nd5+ Kd8 17. Qc3 Qf7 18. Qa5+ Ke8 19. c3 Nc6 20. Ndc7+ Kf8
21. Qd5 Bd7 22. Qxf7+ Kxf7 23. Rxd6 Ke7 24. Rd1 fxe4 25. fxe4 Bg4 26. Nd5+ Kf7
27. Re1 Rxa8 28. h3 Bd7 29. Bc4 Kf8 30. Rhf1+ Bf6 31. Nxf6 gxf6 32. Rxf6+ Ke8
33. Be6 Bxe6 34. Rxe6+ Kf7 35. Rh6 Kg7 36. Rh4 Rd8 37. Rg4+ Kf6 38. Rf1+ Ke6
39. Rh4 Rd7 40. Rh6+ Ke7 41. Rxh7+ Ke8 42. Rxd7 Kxd7 43. Kc2 b5 44. b4 a5 45.
Kb3 a4+ 46. Kc2 Kd6 47. a3 Ne7 48. Kd2 Nc6 49. g4 Ne7 50. Rf6+ Kd7 51. g5 Ke8
52. g6 Nxg6 53. Rxg6 Kf7 54. Rg4 Kf6 55. h4 Kf7 56. h5 Ke7 57. h6 Kd7 58. h7
Kc7 59. h8=Q Kb6 60. Rg7 Ka6 61. Qh6# 1-0

[Event "CYCC U10"]
[Site "Quebec CAN"]
[Date "2018.07.03"]
[Round "4.122"]
[White "Nikmaran, Ryan"]
[Black "Shan, Eric"]
[Result "0-1"]
[WhiteElo "1153"]
[BlackElo "1068"]
[PlyCount "58"]
[EventDate "2018.07.02"]
[EventType "swiss"]
[EventRounds "7"]
[EventCountry "CAN"]

1. e4 e5 2. Nf3 Nc6 3. Nc3 Nf6 4. Bb5 Bc5 5. h3 a6 6. Bxc6 dxc6 7. Nxe5 Qd4 8.
O-O Qxe5 9. d3 Bd6 10. g3 Bxh3 11. Bf4 Qe7 12. Bxd6 Qxd6 13. Re1 Qe7 14. e5 Ng4
15. f4 O-O 16. Kh1 Nf2+ 17. Kh2 Nxd1 18. Raxd1 Bg4 19. Ne2 Bxe2 20. Rxe2 f6 21.
c4 fxe5 22. fxe5 Qc5 23. Rdd2 Rf7 24. Rg2 Qxe5 25. Rde2 Qh5+ 26. Kg1 Raf8 27.
Ref2 Qd1+ 28. Rf1 Rxf1+ 29. Kh2 Rh1# 0-1

[Event "CYCC U10"]
[Site "Quebec CAN"]
[Date "2018.07.03"]
[Round "4.124"]
[White "Hodgson, Trent"]
[Black "Yuan, Henry"]
[Result "0-1"]
[WhiteElo "746"]
[BlackElo "1346"]
[PlyCount "54"]
[EventDate "2018.07.02"]
[EventType "swiss"]
[EventRounds "7"]
[EventCountry "CAN"]

1. d4 Nf6 2. c4 e6 3. Nc3 Bb4 4. a3 Bxc3+ 5. bxc3 O-O 6. e3 d5 7. cxd5 Nxd5 8.
c4 Nf6 9. Nf3 Nc6 10. Bd3 Re8 11. O-O e5 12. dxe5 Ng4 13. Bb2 Qe7 14. Re1 Ncxe5
15. Nxe5 Nxe5 16. Bc2 Nxc4 17. Qd3 Qh4 18. g3 Nxb2 19. Qc3 Qf6 20. Qxc7 Bh3 21.
Qxb7 Rab8 22. Qxa7 Qf3 23. Be4 Qxe4 24. f3 Qxf3 25. Re2 Qxe2 26. Qxf7+ Kxf7 27.
Rf1+ Qxf1# 0-1

[Event "CYCC U10"]
[Site "Quebec CAN"]
[Date "2018.07.03"]
[Round "4.125"]
[White "Huang, Winston"]
[Black "Dufresne, Christophe"]
[Result "1-0"]
[WhiteElo "718"]
[BlackElo "1291"]
[PlyCount "97"]
[EventDate "2018.07.02"]
[EventType "swiss"]
[EventRounds "7"]
[EventCountry "CAN"]

1. d4 d5 2. c4 e6 3. Nc3 Nf6 4. Bg5 h6 5. Bh4 c5 6. e3 Nc6 7. Nf3 Bd7 8. Be2
dxc4 9. Bxc4 cxd4 10. exd4 Be7 11. Ne5 O-O 12. O-O Qb6 13. Bxf6 Nxe5 14. Bxe7
Nxc4 15. Bxf8 Rxf8 16. Qb3 Qxb3 17. axb3 Nd2 18. Rfd1 Nxb3 19. Ra3 Nxd4 20.
Rxd4 Bc6 21. Rxa7 e5 22. Rg4 Rd8 23. h3 f5 24. Rg3 f4 25. Rg4 h5 26. Rg5 Re8
27. Ra5 e4 28. Rge5 Rd8 29. Nxe4 Rd1+ 30. Kh2 Bxe4 31. Rxe4 Rd2 32. Ra8+ Kf7
33. Rxf4+ Kg6 34. Rb4 Rxf2 35. Rxb7 Rf6 36. Rab8 Kh6 37. Rb6 Rxb6 38. Rxb6+ g6
39. Rc6 Kh7 40. b4 Kh6 41. b5 Kh7 42. b6 Kh6 43. b7 Kh7 44. b8=Q Kh6 45. Rc7
Kg5 46. h4+ Kxh4 47. Rc5 g5 48. Qb4+ g4 49. g3# 1-0

[Event "CYCC U10"]
[Site "Quebec CAN"]
[Date "2018.07.03"]
[Round "4.126"]
[White "Huang, Ivan"]
[Black "Beliveau, Mathieu"]
[Result "0-1"]
[WhiteElo "696"]
[BlackElo "1109"]
[PlyCount "134"]
[EventDate "2018.07.02"]
[EventType "swiss"]
[EventRounds "7"]
[EventCountry "CAN"]

1. e4 g6 2. d4 Bg7 3. Nf3 d6 4. Nc3 Nf6 5. Bc4 O-O 6. h3 Re8 7. O-O Nxe4 8.
Nxe4 d5 9. Bxd5 Qxd5 10. Nc3 Qd8 11. Bf4 Nc6 12. Ne2 Bf5 13. c3 e5 14. dxe5
Nxe5 15. Bxe5 Bxe5 16. Nxe5 Rxe5 17. Ng3 Rd5 18. Qb3 a5 19. Nxf5 Rxf5 20. Rad1
Qc8 21. Rfe1 b6 22. a4 Qb7 23. f3 Rg5 24. Re7 Rf8 25. Rf1 Qc6 26. Ree1 Qd6 27.
Qc2 Qg3 28. Qe2 Qxh3 29. g4 h5 30. Qg2 Qxg2+ 31. Kxg2 hxg4 32. fxg4 Rxg4+ 33.
Kf3 Rxa4 34. Re7 c5 35. Rb7 Ra2 36. Rxb6 a4 37. b3 a3 38. Ra6 Rb8 39. Rb1 Rb2
40. Ra1 R8xb3 41. R1xa3 Rxa3 42. Rxa3 c4 43. Ra4 Rc2 44. Rxc4 Kg7 45. Rc8 f5
46. c4 Kf6 47. Rc6+ Kg5 48. c5 Rc3+ 49. Kf2 Kh5 50. Rc8 g5 51. c6 Kg4 52. c7 f4
53. Ke2 Kg3 54. Kf1 g4 55. Re8 Rxc7 56. Re3+ fxe3 57. Ke2 Kh2 58. Kf1 g3 59.
Ke2 g2 60. Kxe3 g1=Q+ 61. Kf4 Rc2 62. Kf3 Rf2+ 63. Ke3 Qe1+ 64. Kd3 Rd2+ 65.
Kc3 Qc1+ 66. Kb3 Rb2+ 67. Ka3 Qa1# 0-1

[Event "CYCC U10"]
[Site "Quebec CAN"]
[Date "2018.07.03"]
[Round "4.127"]
[White "Zeng, Gordon"]
[Black "Mellon-Ruel, Olivier"]
[Result "0-1"]
[WhiteElo "519"]
[BlackElo "936"]
[PlyCount "70"]
[EventDate "2018.07.02"]
[EventType "swiss"]
[EventRounds "7"]
[EventCountry "CAN"]

1. e4 g6 2. d4 d6 3. Nc3 Bg7 4. Nf3 Nf6 5. e5 dxe5 6. Nxe5 O-O 7. Bd3 Nc6 8.
Nf3 Nxd4 9. Ng5 e5 10. O-O Re8 11. Qe1 h6 12. Nge4 Bf5 13. Qe3 Rc8 14. Nxf6+
Bxf6 15. Bxf5 Nxf5 16. Qh3 e4 17. Rd1 Qe7 18. g4 Nh4 19. Nd5 Qe5 20. Bf4 Qxb2
21. Nxf6+ Qxf6 22. Qe3 Rcd8 23. Rxd8 Rxd8 24. g5 Qxa1+ 25. Qc1 Qxc1+ 26. Bxc1
h5 27. h3 Rd1+ 28. Kh2 Rxc1 29. Kg3 Nf5+ 30. Kf4 Rf1 31. Kxe4 Re1+ 32. Kf3 Nd4+
33. Kf4 Kg7 34. Kg3 Rg1+ 35. Kh4 Nf5# 0-1